Statistics for Largest Orthodox Cities

Click here to take the quiz!

General Stats

  • This quiz has been taken 85 times
  • The average score is 12 of 18

Answer Stats

Population City % Correct
17.1 milMoscow
100%
5.50 milSaint Petersburg
98%
3.40 milKiev
96%
3.40 milAthens
94%
2.20 milBucharest
93%
1.33 milSofia
91%
1.40 milBelgrade
87%
1.98 milMinsk
84%
1.62 milYekaterinburg
60%
1.48 milYerevan
55%
3.55 milAddis Ababa
51%
1.76 milNizhny Novgorod
50%
1.67 milNovosibirsk
44%
1.46 milDonetsk
44%
1.65 milKharkiv
38%
1.41 milVolgograd
35%
1.38 milDnepropetrovsk
27%
1.41 milChelyabinsk
26%

Score Distribution

Percentile by Number Answered

Percent of People with Each Score

Your Score History

You have not taken this quiz